000
00297nam a22001337a 4500
008
171027b xxu||||| |||| 00| 0 eng d
020
_a
9780130132970
041
_a
eng
080
_2
4 ED
_a
33
100
_a
52
101
_a
ECO
245
_a
ECONOMETRIC ANALYSIS
_c
GREENE.W.H
942
_2
udc
_c
BK
999
_c
35999
_d
35999